Phân tích kênh phân phối sản phẩm khóm ở tỉnh Tiền Giang : Luận văn tốt nghiệp Cao học. Chuyên ngành Quản trị kinh doanh

Đề tài phân tích thực trạng sản xuất và tiêu thụ khóm, kênh phân phối và các tác nhân tham gia kênh phân phối khóm Tân Lập ở Tiền Giang, phân tích hiệu quả kênh phân phối khóm, so sánh giá trị tăng thêm ở từng khâu. Đề xuất giải pháp hoàn...

ver descrição completa

Na minha lista:
Detalhes bibliográficos
Autor principal: Ngô, Thanh Tuyền
Formato: Livro
Idioma:Undetermined
Publicado em: Cần Thơ Trường Đại học Cần Thơ 2014
Assuntos:
Tags: Adicionar Tag
Sem tags, seja o primeiro a adicionar uma tag!
Thư viện lưu trữ: Trung tâm Học liệu Trường Đại học Cần Thơ
LEADER 01200nam a2200217Ia 4500
001 CTU_196086
008 210402s9999 xx 000 0 und d
082 |a 658.87 
082 |b T527 
088 |a 60340102 
100 |a Ngô, Thanh Tuyền 
245 0 |a Phân tích kênh phân phối sản phẩm khóm ở tỉnh Tiền Giang : 
245 0 |b Luận văn tốt nghiệp Cao học. Chuyên ngành Quản trị kinh doanh 
245 0 |c Ngô Thanh Tuyền ; Mai Văn Nam (Cán bộ hướng dẫn) 
260 |a Cần Thơ 
260 |b Trường Đại học Cần Thơ 
260 |c 2014 
520 |a Đề tài phân tích thực trạng sản xuất và tiêu thụ khóm, kênh phân phối và các tác nhân tham gia kênh phân phối khóm Tân Lập ở Tiền Giang, phân tích hiệu quả kênh phân phối khóm, so sánh giá trị tăng thêm ở từng khâu. Đề xuất giải pháp hoàn thiện và phát triển kênh phân phối. 
650 |a Wholesale trade,Buôn bán 
910 |a Hải 
980 |a Trung tâm Học liệu Trường Đại học Cần Thơ